000
00306nam a2200121Ia 4500
008
220216s9999 xx 000 0 und d
100
_a
Sebastian Cyriac
245
0
_a
Central nursery: Kappu thaikaludeyum kendram.2
260
_b
Rubber
_c
2016
300
_a
18-21
650
_a
Central nursery
942
_c
JS
999
_c
55265
_d
55265